000 00941nas a2200301 4500
001 BR2011005847
003 BR-BrBNA
005 20231205115635.0
007 ta
008 230509b bl.|||p| |||| 00| 00por d
040 _aBR-BrBNA
_bpor
_cBiblioteca Nacional de Agricultura
041 _a(Pt)
072 _aL74
100 1 _aVoltarelli-Pachaly, E.M.
100 1 _aKieras Júnior, A.
100 1 _aCarneiro, M.R.
100 1 _aMonteiro FIlho, L.P.C.
100 1 _aPachaly, J.R.
245 1 _aAmputação de asa em um canário-belga (Serinus canarius)gravemente afetado por um cisto de retenção de pena
650 _aCANÁRIO
650 _aAVE ORNAMENTAL
650 _aDISTÚRBIO FISIOLÓGICO
650 _aLESÃO
650 _aCIRURGIA
773 0 _tA Hora Veterinária (Brazil)
_xISSN 0101-9163
_g(Jul-Aug 2011), v. 31(182) p. 42-45
_wBR2011005847
909 _a202311
_bLúcia
_c55
_dLúcia Elande
942 _2AGRIS
_n0
_cANA
999 _c214967
_d214967